Colloqui con Michelangelo /

সংরক্ষণ করুন:
গ্রন্থ-পঞ্জীর বিবরন
প্রধান লেখক: Francisco : de Holanda (লেখক)
অন্যান্য লেখক: Radius, Emilio
বিন্যাস: গ্রন্থ
ভাষা:ইতালিয়
প্রকাশিত: Milano : Antonioli, stampa 1945
মালা:Collezione storica del Condor. Clio minore ; 3
বিষয়গুলি:
ট্যাগগুলো: ট্যাগ যুক্ত করুন
কোনো ট্যাগ নেই, প্রথমজন হিসাবে ট্যাগ করুন!

MARC

LEADER 00000nam a22000007i 4500
001 IT\ICCU\NAP\0083928
003 ItRI
005 20260115232224.0
008 940914s1945 it |||||| ||||| |||||c
040 |b ita  |c importazione bologna sebina 
041 7 |a ita  |2 ISO-639-2 
082 |a 709.2  |9 BELLE ARTI E ARTI DECORATIVE. PERSONE  |2 21 
100 0 |a Francisco : de Holanda  |0 IT\ICCU\SBLV\148761  |4 aut 
240 1 0 |a Da pintura antiga  |3 IT\ICCU\NAP\0097222  |9 Francisco : de Holanda 
245 1 0 |a Colloqui con Michelangelo /  |c Francisco de Hollanda ; a cura di Emilio Radius. 
260 |a Milano :  |b Antonioli,  |c stampa 1945 
300 |a 182 p. ;  |c 21 cm 
500 |a Tit. originale  |0 IT\ICCU\NAP\0097222 
650 7 |a Buonarroti, Michelangelo <1475-1564> 
700 1 |a Radius, Emilio  |0 IT\ICCU\RAVV\024911 
790 1 |a Hollanda, Francisco : de  |3 IT\ICCU\CFIV\216509  |z Francisco : de Holanda 
790 1 |a Holanda, Francisco : de  |3 IT\ICCU\CFIV\216510  |z Francisco : de Holanda 
790 0 |a Francisco : de Hollanda  |3 IT\ICCU\CFIV\226546  |z Francisco : de Holanda 
790 0 |a Francisco : d'Olanda  |3 IT\ICCU\UFIV\153927  |z Francisco : de Holanda 
830 0 |a Collezione storica del Condor. Clio minore ;  |v 3  |0 IT\ICCU\LO1\0245310 
942 |2 ddc  |c BK  |n 0 
952 |0 0  |1 0  |4 0  |6 DOC_709_200000000000000_DEH  |7 0  |9 22291  |a BO  |b BO  |d 2026-01-15  |i 1226  |l 0  |o DOC 709.2 DEH  |p BO1226  |r 2026-01-15 23:22:24  |w 2026-01-15  |x [Sebina 7] [1 v.]  |y BK  |z 1 v. 
999 |c 19040  |d 19040